| 000 | 01250nam a2200265 i 4500 | ||
|---|---|---|---|
| 001 | 65972 | ||
| 003 | ES-MaACL | ||
| 005 | 20250912063041.0 | ||
| 007 | t| | ||
| 008 | 040123s1951 sp ||||1| spa d | ||
| 100 | 1 |
_aFuster Casas, José María, _d1923-2000 _953084 |
|
| 245 | 1 | 0 |
_aEstudio petrográfico de la Guinea Continental Española / _cJosé María Fuster Casas. |
| 260 |
_aMadrid : _bInstituto de Estudios Africanos, _c1951 ( _ePamplona : _fGómez) |
||
| 300 |
_a355 p., [150] p. de lám., [1] map. pleg. ; _c25 cm. |
||
| 500 | _aPrecede al tít.: Consejo Superior de Investigaciones Científicas. | ||
| 510 |
_aCCPB, _c000971780-3 |
||
| 650 | 4 |
_915992 _aPetrología |
|
| 651 | 7 |
_9153666 _aGuinea Ecuatorial- _xDescubrimientos y exploraciones- _xEspañoles |
|
| 710 | 2 |
_aConsejo Superior de Investigaciones Científicas (España) _93236 |
|
| 852 |
_aES-MaACL _jD-6398 _bR.31911 _bR.M.5993 _968445 _cSVI _fSello en tinta azul de la Biblioteca del Ateneo de Madrid _gAnotación manuscrita en cubierta: "26" _zEn cubierta: "2.ABR.1952" |
||
| 942 |
_2udc _cMONOGRAFIA |
||
| 999 |
_c65972 _d65972 |
||